000 00664nam a2200205 i 4500
001 134850
003 ES-MaACL
005 20230906194745.0
007 t|
008 070629s1968 sp ||||1| spa d
080 _a621.2-622.2
100 1 _aThoma, Jean.
_9109986
245 1 0 _aTransmisiones hidrostáticas /
_cJean Thoma ; [traducción: I. Maranges de Báguena y Salvador Báguena].
260 _aBarcelona :
_bGustavo Gili,
_c[1968]
300 _aVIII, 265 p. :
_bil. ;
_c22 cm.
650 1 4 _aMáquinas hidráulicas.
_914769
700 1 _aBáguera, Salvador.
_924653
700 1 _aMaranges de Báguena, I.
_976301
852 _aES-MaACL
_jC-35185
_bR.67923
999 _c134850
_d134850